1M+ Cities - Sudden Death - Statistics

General Stats
  • This quiz has been taken 129 times
  • The average score is 4 of 10
Answers on the Grid
Answers color-coded by a green-red scale on the quiz's grid according to % correct below.
Cologne
Brussels
Bucharest
Samarkand
Detroit
Pyongyang
Tripoli (Libya)
New Orleans
Santiago
Novosibirsk
Yangon
Auckland
Indianapolis
Cotonou
Paris
Helsinki
Katowice
Ho Chi Minh City
Manila
Miami
 
Answer Stats
Answer % Correct
Paris
65%
Manila
62%
Ho Chi Minh City
60%
Pyongyang
43%
Santiago
40%
Cologne
37%
Bucharest
31%
Yangon
28%
Novosibirsk
25%
Tripoli (Libya)
11%
No matching quizzes found
Score Distribution
Percent of People with Each Score
Percentile by Number Answered
Your Score History
You have not taken this quiz